• 首页
  • 本馆介绍
  • 公告通知
  • 最新文献
  • 馆藏检索
  • 电子资源
  • 读者荐购
  • 参考咨询
  • CALIS
  • 我的图书馆
  • 登录
  • 详细信息显示
  • 放入我的书架
  • 预约/预借图书
  • 作者相关作品
  • 分类相关作品
  • 丛书相关作品
  • 出版社相关作品

书目信息

  • 表格格式
  • 工作单格式
  • 卡片格式
题名:
粗心的小猴子
    
 
作者: 王艳萍 著
分册:  
出版信息: 开封   河南大学出版社  2022.12
页数: 226页
开本: 26cm
丛书名:
单 册:
中图分类: I287.2
科图分类:
主题词: 儿童文学--中国 , 儿童文学--中国--丛书
电子资源:
ISBN: 978-7-5649-5226-6
 
 
 
 
 
000 00637nam0 2200217 450
001 2534031365
005 20251201093012.34
010    @a978-7-5649-5226-6@dCNY39.00
100    @a20251201d2022 km y0chiy0120 ea
101 0  @achi
102    @aCN
200 1  @a粗心的小猴子@ACu Xin De Xiao Hou Zi@f王艳萍著@FWang Yan Ping Zhu
210    @a开封@c河南大学出版社@d2022.12
215    @a226页@d26cm
503    @n河南城建学院图书馆
606 0  @a儿童文学@x中国
606 0  @a儿童文学@x中国@x丛书
690    @aI287.2@v4
701  0 @a王艳萍@AWang Yan Ping@4著
801  0 @aCN@b大连网信软件有限公司图书馆·11@c20251201
905    @aZUCC@dI287.2@eW414
    
    粗心的小猴子/王艳萍著.-开封:河南大学出版社,2022.12
    226页;26cm
    
    
    ISBN 978-7-5649-5226-6:CNY39.00
    
●
相关链接 在E读中查询图书 在当当中查询图书 在豆瓣中查询图书


正题名:粗心的小猴子     索取号:I287.2/W414         预约/预借

序号 登录号 条形码 馆藏地/架位号 状态 备注
1 1556092   215560925   文学库108/ [索取号:I287.2/W414] 在馆    
2 1556093   215560934   城院文库/ [索取号:I287.2/W414] 在馆    
河南城建学院图书馆 欢迎您!
大连网信软件有限公司© 版权所有